[Event "Twente Young Master op-D"]
[Site "Twente"]
[Date "2007.08.11"]
[Round "13"]
[White "Ratsma, Rosa"]
[Black "Minderman, Chiel"]
[Result "0-1"]
[WhiteElo "1388"]
[BlackElo "1524"]
[PlyCount "100"]
[EventDate "2007.08.06"]
[EventType "swiss"]
[EventRounds "13"]
[EventCountry "NED"]
[SourceTitle "EXT 2008"]
[Source "ChessBase"]
[SourceDate "2007.11.25"]
[SourceVersion "1"]
[SourceVersionDate "2007.11.25"]
[SourceQuality "1"]

1. e4 c5 2. Nf3 e6 3. d4 cxd4 4. Nxd4 Nf6 5. Nc3 Bb4 6. Bd3 Nc6 7. Be3 Qa5 8. Qd2 0-0 9. 0-0 Ne5 10. a3 Bxc3 11. Qxc3 Qxc3 12. bxc3 d5 13. exd5 Nxd5 14. Bd2 Bd7 15. Rab1 b6 16. Be4 Rac8 17. Bxd5 exd5 18. Rfe1 Nc4 19. Bf4 Nxa3 20. Rb3 Nc4 21. h3 h6 22. Re7 Rfd8 23. Nb5 Bxb5 24. Rxb5 a6 25. Rb3 Re8 26. Rxe8+ Rxe8 27. Kf1 g5 28. Bc1 Re6 29. f3 Kf8 30. Kf2 Ke8 31. Rb1 Kd7 32. Ra1 a5 33. Rb1 Kc6 34. g3 Kc5 35. Rb3 a4 36. Rb4 b5 37. Rb1 Ra6 38. Ke1 a3 39. Kd1 a2 40. Ra1 d4 41. Bd2 Nxd2 42. cxd4+ Kxd4 43. Kxd2 b4 44. h4 gxh4 45. gxh4 f5 46. h5 f4 47. c3+ bxc3+ 48. Kc2 Kc4 49. Kd1 Kb3 50. Kc1 c2 0-1

[Event "Twente Young Master op-D"]
[Site "Twente"]
[Date "2007.08.10"]
[Round "10"]
[White "Minderman, Chiel"]
[Black "Van der Werff, Frank"]
[Result "0-1"]
[WhiteElo "1524"]
[BlackElo "1523"]
[PlyCount "60"]
[EventDate "2007.08.06"]
[EventType "swiss"]
[EventRounds "13"]
[EventCountry "NED"]
[SourceTitle "EXT 2008"]
[Source "ChessBase"]
[SourceDate "2007.11.25"]
[SourceVersion "1"]
[SourceVersionDate "2007.11.25"]
[SourceQuality "1"]

1. e4 c5 2. Nf3 d6 3. d4 cxd4 4. Nxd4 Nf6 5. Nc3 g6 6. Bc4 Bg7 7. Be3 0-0 8. f3 Nc6 9. Qd2 Bd7 10. 0-0-0 Rc8 11. Bb3 Ne5 12. g4 Nc4 13. Bxc4 Rxc4 14. h4 Qa5 15. Nb3 Qc7 16. h5 b5 17. hxg6 fxg6 18. e5 b4 19. exf6 bxc3 20. bxc3 Bxf6 21. Qh2 Rf7 22. Bd4 e5 23. Bxa7 Qxa7 24. Rxd6 Rc6 25. Rd5 Be6 26. Ra5 Qb7 27. Nc5 Bg5+ 28. f4 Rxc5 29. fxg5 Rxa5 30. Qd2 Qxh1+ 0-1

[Event "Twente Young Master op-D"]
[Site "Twente"]
[Date "2007.08.07"]
[Round "2"]
[White "Evengroen, Bernard"]
[Black "Minderman, Chiel"]
[Result "0-1"]
[WhiteElo "1336"]
[BlackElo "1524"]
[PlyCount "92"]
[EventDate "2007.08.06"]
[EventType "swiss"]
[EventRounds "13"]
[EventCountry "NED"]
[SourceTitle "EXT 2008"]
[Source "ChessBase"]
[SourceDate "2007.11.25"]
[SourceVersion "1"]
[SourceVersionDate "2007.11.25"]
[SourceQuality "1"]

1. e4 c5 2. Nf3 e6 3. d4 cxd4 4. Nxd4 Nf6 5. Nc3 Bb4 6. Bd3 Nc6 7. Nxc6 bxc6 8. 0-0 d5 9. Bg5 Be7 10. Re1 0-0 11. exd5 cxd5 12. Bxf6 Bxf6 13. Qf3 Rb8 14. Rab1 Bb7 15. Qh5 g6 16. Qh6 Bg7 17. Qe3 a6 18. Qe2 Qd6 19. Rbd1 Qc6 20. h4 Qb6 21. Rb1 Bc6 22. h5 Bxc3 23. bxc3 Qxb1 24. Rxb1 Rxb1+ 25. Kh2 Rb2 26. h6 Rd8 27. Qe5 Kf8 28. Qg7+ Ke7 29. Qxh7 Bd7 30. Bxg6 Rbb8 31. Qxf7+ Kd6 32. g4 Be8 33. Qf4+ Kd7 34. Bxe8+ Rxe8 35. g5 Rh8 36. g6 Rbg8 37. g7 Rxg7 38. Qa4+ Kc7 39. Qa5+ Kb7 40. Qb4+ Ka8 41. Qf4 Rg6 42. Qg3 Rhxh6+ 43. Kg2 Rxg3+ 44. fxg3 Kb7 45. Kf3 Kc6 46. Kf4 Rg6 0-1

[Event "Twente Young Master op-D"]
[Site "Twente"]
[Date "2007.08.06"]
[Round "1"]
[White "Minderman, Chiel"]
[Black "Ephraim, Floris"]
[Result "1-0"]
[WhiteElo "1524"]
[BlackElo "1102"]
[PlyCount "53"]
[EventDate "2007.08.06"]
[EventType "swiss"]
[EventRounds "13"]
[EventCountry "NED"]
[SourceTitle "EXT 2008"]
[Source "ChessBase"]
[SourceDate "2007.11.25"]
[SourceVersion "1"]
[SourceVersionDate "2007.11.25"]
[SourceQuality "1"]

1. e4 e5 2. Nf3 Nc6 3. d4 Nxd4 4. Nxd4 exd4 5. Qxd4 c5 6. Qd1 Nf6 7. Nc3 g6 8. Bg5 d6 9. e5 Bg7 10. exf6 Bxf6 11. Bxf6 Qxf6 12. Be2 0-0 13. 0-0 Qg5 14. Qxd6 Bh3 15. Qg3 Qxg3 16. fxg3 Bf5 17. Bd3 Bxd3 18. cxd3 Rad8 19. Rad1 Rfe8 20. Ne4 c4 21. Nf6+ Kf8 22. Nxe8 Kxe8 23. dxc4 Rc8 24. Rde1+ Kf8 25. Rf4 g5 26. Rfe4 f5 27. Re5 1-0

[Event "NED-ch U13"]
[Site "Rijswijk"]
[Date "2007.05.18"]
[Round "6"]
[White "Minderman, Chiel"]
[Black "Bijlsma, Nick"]
[Result "1/2-1/2"]
[WhiteElo "1502"]
[BlackElo "1790"]
[PlyCount "85"]
[EventDate "2007.05.17"]
[EventType "swiss"]
[EventRounds "9"]
[EventCountry "NED"]
[SourceTitle "EXT 2009"]
[Source "ChessBase"]
[SourceDate "2008.11.26"]
[SourceVersion "1"]
[SourceVersionDate "2008.11.26"]
[SourceQuality "1"]

1. e4 c5 2. Nf3 d6 3. d4 cxd4 4. Nxd4 Nf6 5. Nc3 a6 6. a4 Nc6 7. Bc4 e6 8. Nf3 Be7 9. 0-0 0-0 10. a5 Nxa5 11. Bd3 Nc6 12. Ng5 h6 13. Nf3 e5 14. h3 Be6 15. Nh2 Nd7 16. f4 exf4 17. Bxf4 Nde5 18. Nf3 Bf6 19. Nd5 Bxd5 20. exd5 Nxd3 21. Qxd3 Ne5 22. Nxe5 Bxe5 23. Bxe5 dxe5 24. Kh1 Qd6 25. Rfe1 b5 26. b3 Rfe8 27. c4 bxc4 28. bxc4 Rad8 29. Qc3 e4 30. Qd4 f5 31. Re3 Rb8 32. c5 Qe5 33. Qd1 f4 34. Re2 Rbd8 35. Rxa6 Qxd5 36. Qxd5+ Rxd5 37. Ra4 e3 38. Rxf4 Rd2 39. Re1 e2 40. Kg1 g5 41. Rf3 Kg7 42. c6 Rc8 43. Kf2 1/2-1/2

[Event "NED-ch U13"]
[Site "Rijswijk"]
[Date "2007.05.18"]
[Round "5"]
[White "Minderman, Chiel"]
[Black "Bravo, Fabio"]
[Result "0-1"]
[WhiteElo "1502"]
[BlackElo "1538"]
[PlyCount "50"]
[EventDate "2007.05.17"]
[EventType "swiss"]
[EventRounds "9"]
[EventCountry "NED"]
[SourceTitle "EXT 2009"]
[Source "ChessBase"]
[SourceDate "2008.11.26"]
[SourceVersion "1"]
[SourceVersionDate "2008.11.26"]
[SourceQuality "1"]

1. e4 e6 2. d4 d5 3. Nc3 Bb4 4. e5 c5 5. a3 Bxc3+ 6. bxc3 Qc7 7. Bd2 Ne7 8. Bd3 Nbc6 9. Ne2 c4 10. Bxc4 dxc4 11. 0-0 0-0 12. f4 f6 13. Ng3 fxe5 14. dxe5 Nf5 15. Qg4 Bd7 16. Ne4 Nxe5 17. fxe5 Qxe5 18. Rae1 Rae8 19. Qh3 Nd6 20. Rxf8+ Rxf8 21. Ng5 Qf5 22. Qg3 h6 23. Qxd6 Qf2+ 24. Kh1 Qf1+ 25. Rxf1 Rxf1# 0-1

[Event "NED-ch U13"]
[Site "Rijswijk"]
[Date "2007.05.17"]
[Round "3"]
[White "Minderman, Chiel"]
[Black "Mostertman, Olav"]
[Result "1-0"]
[WhiteElo "1502"]
[BlackElo "1292"]
[PlyCount "137"]
[EventDate "2007.05.17"]
[EventType "swiss"]
[EventRounds "9"]
[EventCountry "NED"]
[SourceTitle "EXT 2009"]
[Source "ChessBase"]
[SourceDate "2008.11.26"]
[SourceVersion "1"]
[SourceVersionDate "2008.11.26"]
[SourceQuality "1"]

1. e4 e6 2. d4 d5 3. Nc3 Nf6 4. e5 Nfd7 5. Nf3 a6 6. a4 c5 7. Ne2 Qb6 8. c3 Nc6 9. g3 Be7 10. Bg2 0-0 11. 0-0 f6 12. exf6 Bxf6 13. Rb1 cxd4 14. Nexd4 Bxd4 15. Nxd4 Nxd4 16. Be3 Qa5 17. Bxd4 e5 18. b4 Qc7 19. Bxd5+ Kh8 20. Be3 Qxc3 21. Bg2 Nf6 22. Qd6 Bf5 23. Rbc1 Qd3 24. Qxe5 Be4 25. Rfd1 Rae8 26. Qxe8 Qxd1+ 27. Rxd1 Rxe8 28. Bxe4 Rxe4 29. Rd8+ Re8 30. Rxe8+ Nxe8 31. f4 Kg8 32. Kf2 Kf7 33. Bc5 Nc7 34. Ke3 Ne6 35. Bd4 g6 36. Ke4 Ke7 37. Be5 Nd8 38. Kd5 Nc6 39. Bd6+ Kd7 40. a5 Na7 41. Bc5 Nc6 42. h3 Nb8 43. Ke5 Nc6+ 44. Kf6 Nd8 45. f5 gxf5 46. Kxf5 Ne6 47. Be3 Ng7+ 48. Kg5 Ke6 49. g4 h5 50. gxh5 Kf7 51. h6 Ne6+ 52. Kf5 Nf8 53. h4 Nh7 54. Bg5 Nf8 55. Bf6 Nh7 56. Bg7 Nf8 57. Bxf8 Kxf8 58. Ke6 Kg8 59. Kd7 Kh7 60. Kc7 b5 61. axb6 Kxh6 62. b7 Kh5 63. b8Q Kxh4 64. Qg8 a5 65. bxa5 Kh5 66. a6 Kh4 67. a7 Kh5 68. a8Q Kh4 69. Qh1# 1-0